000 00274nam a2200121Ia 4500
100 _aStultz/Russell A
942 _cBK
654 _aD Base III Book
245 _aIllustrated D Base III Book
260 _bGalgotia Pub.
_aNewDelhi
_c1987
300 _a320
546 _aENGLISH
999 _c24975
_d24975